|
|
|
|
| LEADER |
00000nam0a2200000 4500 |
| 001 |
185959 |
| 005 |
20240213164041.0 |
| 035 |
|
|
|a (RuTPU)RU\TPU\book\201778
|
| 090 |
|
|
|a 185959
|
| 100 |
|
|
|a 20101020d2004 m y0rusy50 ca
|
| 101 |
0 |
|
|a rus
|
| 102 |
|
|
|a RU
|
| 105 |
|
|
|a y j 001zy
|
| 200 |
1 |
|
|a Основы проектирования инженерной защиты окружающей среды
|e учебно-методическое пособие
|f А. И. Сечин [и др.]
|g Томский государственный университет (ТГУ), Институт дистанционного образования ; Томский политехнический университет (ТПУ), Институт дистанционного образования (ИДО)
|
| 210 |
|
|
|a Томск
|c Изд-во ТПУ
|d 2004
|
| 215 |
|
|
|a 112 с.
|
| 320 |
|
|
|a Библиогр.: с. 109
|
| 610 |
1 |
|
|a окружающая среда
|
| 610 |
1 |
|
|a инженерная защита
|
| 610 |
1 |
|
|a проектирование
|
| 610 |
1 |
|
|a проекты
|
| 610 |
1 |
|
|a экологическая безопасность
|
| 610 |
1 |
|
|a пояснительная записка
|
| 610 |
1 |
|
|a графическая часть
|
| 610 |
1 |
|
|a оформление
|
| 610 |
1 |
|
|a защита ВКР
|
| 610 |
1 |
|
|a учебно-методические пособия
|
| 610 |
1 |
|
|a труды учёных ТПУ
|
| 675 |
|
|
|a 502.36(075.8)
|v 3
|
| 701 |
|
1 |
|a Сечин
|b А. И.
|c специалист в области экологии и безопасности жизнедеятельности
|c профессор Томского политехнического университета, доктор технических наук
|f 1950-
|g Александр Иванович
|3 (RuTPU)RU\TPU\pers\26051
|9 11890
|
| 701 |
|
1 |
|a Дашковский
|b А. Г.
|c специалист в области экологии и безопасности жизнедеятельности
|c доцент Томского политехнического университета, кандидат технических наук
|f 1953-
|g Анатолий Григорьевич
|3 (RuTPU)RU\TPU\pers\26052
|
| 701 |
|
1 |
|a Панин
|b В. Ф.
|c специалист в области экологии и безопасности жизнедеятельности
|c профессор Томского политехнического университета
|f 1940-
|g Владимир Филиппович
|3 (RuTPU)RU\TPU\pers\21989
|
| 701 |
|
1 |
|a Крепша
|b Н. В.
|c российский учёный в области экологии и безопасности жизнедеятельности
|c доцент Томского политехнического университета
|g Нина Владимировна
|3 (RuTPU)RU\TPU\pers\26194
|
| 701 |
|
1 |
|a Коршунова
|b Л. А.
|c специалист в области менеджмента
|c доцент Томского политехнического университета
|g Лидия Афанасьевна
|3 (RuTPU)RU\TPU\pers\24196
|
| 712 |
0 |
2 |
|a Томский государственный университет (ТГУ)
|b Институт дистанционного образования
|3 (RuTPU)RU\TPU\col\12624
|
| 712 |
0 |
2 |
|a Томский политехнический университет (ТПУ)
|b Институт дистанционного образования (ИДО)
|3 (RuTPU)RU\TPU\col\12625
|
| 801 |
|
1 |
|a RU
|b 63413507
|c 20101020
|
| 801 |
|
2 |
|a RU
|b 63413507
|c 20130926
|g RCR
|
| 942 |
|
|
|c BK
|